| 000 | 00495nam a2200181Ia 4500 | ||
|---|---|---|---|
| 001 | 62129 | ||
| 008 | 170609n ii |||gr||||Z||||||346 | ||
| 020 | _a978-93-83016-31-0 | ||
| 082 | _a891.44309 | ||
| 100 |
_aGoswami, Sanatan, _eAuthor., |
||
| 245 | 0 |
_aSharatchandrer Pallysamaj _cDr.Sanatan Goswami _hTextual Documents |
|
| 250 | _aIst ed - 2013. | ||
| 260 |
_aKolkata: _bPragya Bikas. |
||
| 300 |
_a88p: _c23cm. |
||
| 653 | _aBengali Literature | ||
| 653 | _aG - Bengali | ||
| 942 |
_2ddc _cBK |
||
| 999 |
_c63237 _d63237 |
||